000 00891nam0a22002651 4500
001 rc\2773560
005 20250806204518.0
035 _a(NLR Aleph) 006899884
090 _a29186
_c29186
100 _a20110915d1941 u y0rusy50 ca
101 0 _arus
102 _aRU
105 _ay z |||||
200 1 _aБрюшной тиф
_fДоц. Н. Л. Рудницкий
210 _aЛенинград
_cОбл. дом сан. просвещения Леноблздравотдела
_d1941
215 _a10, [1] с.
_d13 см.
300 _aБез тит. л. Описано по обл.
700 1 _aРудницкий
_bН.Л.
_f1898-
_gНатан Лазаревич
801 0 _aRU
_bNLR
_gpsbo
801 1 _aRU
_bELAR
_2rusmarc
852 _aNLR
_jМд96 Г-2/31
942 _cBOOK
945 _aРоссийская национальная библиотека
980 _aNB
980 _aBV